000 00778nam a2200121Ia 4500
008 220620s9999||||xx |||||||||||||| ||und||
245 0 _aNewton and the Netherlands
_bHow Isaac Newton was Fashioned in the Dutch Republic
546 _aEnglish[eng]
650 _awetenschap algemeen||popular science||Amsterdam||Christiaan Huygens||Herman Boerhaave||Isaac Newton||Leiden||Natural philosophy||Netherlands||Newtonianism||Pieter van Musschenbroek
700 _aJorink, E.||Maas, A.
856 _uhttps://library.oapen.org/bitstream/20.500.12657/32747/1/606235.pdf||https://library.oapen.org/bitstream/20.500.12657/32747/1/606235.pdf||https://library.oapen.org/bitstream/20.500.12657/32747/1/606235.pdf||https://library.oapen.org/bitstream/20.500.12657/32747/1/606235.pdf
942 _cEB
999 _c27173
_d27173